Statistics for Pokemon Owned by Ash in the Anime [Pointless]

Click here to take the quiz!

General Stats

  • This quiz has been taken 121 times
    (115 since last reset)
  • The average score is 23 of 96

Answer Stats

Answer% Correct
Pikachu
92%
Charizard
78%
Bulbasaur
69%
Charmander
66%
Squirtle
66%
Butterfree
62%
Charmeleon
57%
Pidgeot
51%
Tauros
51%
Caterpie
45%
Metapod
40%
Krabby
39%
Pidgeotto
39%
Kingler
38%
Snorlax
38%
Bayleef
34%
Lapras
34%
Muk
34%
Noctowl
32%
Sceptile
31%
Greninja
30%
Chikorita
29%
Infernape
29%
Dragonite
27%
Heracross
27%
Oshawott
27%
Quilava
27%
Totodile
27%
Treecko
27%
Chimchar
26%
Cyndaquil
26%
Gengar
26%
Snivy
26%
Swellow
26%
Monferno
25%
Raticate
23%
Turtwig
23%
Beedrill
22%
Buizel
22%
Donphan
22%
Pignite
22%
Taillow
22%
Torterra
22%
Aipom
21%
Primeape
21%
Tepig
21%
Goodra
19%
Gliscor
18%
Grotle
18%
Grovyle
18%
Phanpy
18%
Pidove
18%
Corphish
17%
Froakie
17%
Gligar
17%
Lucario
17%
Torkoal
17%
(Galarian) Farfetch'd
16%
Glalie
16%
Hawlucha
16%
Melmetal
16%
Staraptor
16%
Tranquill
16%
Gible
14%
Meltan
14%
Noivern
14%
Riolu
13%
Scraggy
13%
Starly
13%
Goomy
12%
Krookodile
12%
Litten
12%
Rowlet
12%
Snorunt
12%
Staravia
12%
Talonflame
12%
Torracat
12%
Frogadier
10%
Incineroar
10%
Palpitoad
10%
Unfezant
10%
Krokorok
9%
Naganadel
9%
Noibat
9%
Boldore
8%
Fletchinder
8%
Leavanny
8%
Lycanroc
8%
Mr. Mime
8%
Rockruff
8%
Sewaddle
8%
Swadloon
8%
Fletchling
6%
Poipole
6%
Sliggoo
6%
Roggenrola
3%

Score Distribution

Percentile by Number Answered

Percent of People with Each Score

Your Score History

You have not taken this quiz since the last reset